000 00657nam a2200229Ia 4500
003 OSt
005 20250222131450.0
008 210716s2000 xx 000 0 und d
020 _a9814035750
040 _cAIMIT LIBRARY
041 _aeng
082 _a006.671
_21
_bECKB
100 _aEckel, Bruce.
_9202083
245 _aThinking in java /
_cBy Bruce Eckel.
250 _a1st ed.
260 _aNew Delhi:
_bPearson Education ,
_c2000.
300 _a1098p. ;
_bPB
_c24.5 cm
650 _aEverything is an object
_9202084
650 _aReusing classes
_9202085
650 _aPassing and returing objects
_9202086
942 _2ddc
_cBK
_e1st
_k006.671 ECKB
999 _c183613
_d183613